[Event "FRA-chTA U20 1011"]
[Site "France"]
[Date "2010.12.19"]
[Round "7.2"]
[White "Allamel, Benjamin"]
[Black "Grigorian, Roudolph"]
[Result "1/2-1/2"]
[WhiteElo "1531"]
[BlackElo "1888"]
[PlyCount "106"]
[EventDate "2010.11.21"]
[EventType "team-tourn"]
[EventRounds "7"]
[EventCountry "FRA"]
[SourceTitle "EXT 2012"]
[Source "ChessBase"]
[SourceDate "2011.11.24"]
[SourceVersion "1"]
[SourceVersionDate "2011.11.24"]
[SourceQuality "1"]
[WhiteTeam "Montpellier"]
[BlackTeam "Saint Mande"]
[WhiteTeamCountry "FRA"]
[BlackTeamCountry "FRA"]

1. e4 e5 2. Nf3 Nc6 3. Bb5 Nf6 4. d3 d6 5. Bg5 Be7 6. h3 Bd7 7. c3 Na5 8. Bxd7+ Qxd7 9. b4 Nc6 10. Qb3 h6 11. Bxf6 Bxf6 12. Nbd2 Qe6 13. a4 Qxb3 14. Nxb3 Ne7 15. Rc1 a6 16. c4 Nc6 17. b5 Nb4 18. Ke2 c6 19. b6 c5 20. a5 g6 21. g4 Bg5 22. Nxg5 hxg5 23. Rh2 Kd7 24. Rch1 Rh4 25. Rg2 Rah8 26. Rgh2 Nc6 27. Ke1 Nd8 28. Nd2 Ne6 29. Nf3 R4h6 30. Kd2 f6 31. h4 gxh4 32. Rxh4 Rxh4 33. Rxh4 Rxh4 34. Nxh4 g5 35. Nf5 Nd8 36. Ne3 Nc6 37. Nd5 Ke6 38. Nc7+ Kf7 39. Kc3 Nxa5 40. Kb2 Nc6 41. Kb3 Nb4 42. Kc3 a5 43. Nd5 Ke6 44. Nc7+ Kd7 45. Nd5 Kc6 46. Nxf6 a4 47. Nd5 a3 48. Kb3 a2 49. Nxb4+ cxb4 50. Kxa2 Kc5 51. Kb3 Kd4 52. Kxb4 Kxd3 53. c5 dxc5+ 1/2-1/2